000 nam a22 7a 4500
999 _c152892
_d152890
005 20191111164302.0
008 191111b mx ||||| |||| 00| 0 spa d
020 _a9688377724
050 0 4 _aKGF2919
_bC37 1986
100 1 _aCarrillo Prieto, Ignacio,
_eautor
245 1 3 _aLa ideología juridica en la constitución del estado mexicano 1812-1824
_c/ Ignacio Carrillo Prieto.
250 _aPrimera edición
260 _aMéxico :
_bUniversidad Nacional Autónoma de México,
_c1986
300 _a216 p. ;
_c23 cm.
504 _aBibliografía : p. 213-216
650 7 _2lemb
_aHistoria constitucional
_zMéxico
942 _2lcc
_cLIB